Alexandria, real and imagined

Saved in:
Bibliographic Details
Other Authors: Hirst, Anthony 1945- (Editor), Silk, Michael (Editor)
Format: Book
Language:English
Published: Burlington : Ashgate, 2007.
Series:Publications for the centre for hellenic studies, King's College London
Subjects:
Tags: Add Tag
No Tags, Be the first to tag this record!

MARC

LEADER 00000nam a2200000 a 4500
001 1/111205
008 160630s2007####us | ||| |||| ||eng||
020 |a 9780754638902 
040 |a GR-MyUa  |b gre  |c GR-MyUa  |e AACR2 
041 0 |a eng 
082 7 |a 932   |2 (23) 
245 0 0 |a Alexandria, real and imagined /   |c επιμέλεια: Anthony Hirst, Michael Silk.  
260 |a Burlington :   |b Ashgate,   |c 2007.  
300 |a xxx, 401 σ. ;   |c 24 εκ.  
490 1 |a (Publications for the centre for hellenic studies, King's College London).  
500 |a Dedicated to the memory of Constantine Leventis, 1938-2002.  
504 |a Περιλαμβάνει βιβλιογραφικές παραπομπές και ευρετήριο. 
651 0 |a Alexandria (Egypt)  |x History. 
651 0 |a Alexandria (Egypt)  |x Civilization. 
651 0 |a Alexandria (Egypt)  |x Social life and customs. 
700 1 |a Hirst, Anthony   |b 1945-  |e edt 
700 1 |a Silk, Michael,  |e edt 
830 0 |a Publications for the centre for hellenic studies, King's College London 
852 |a INST  |b RHODES  |e 20160630  |h 932 ALE  |p 005400038598  |q 005400038598  |t BK  |y 0 
922 |a 4ΕΛΗ  |b 2016-05  |c ΤΑΚ/ΠΤΔΕ  |d ΔΙΑΔΡΟΜΕΣ 
970 |z 30-06-2016